[Event "It (open)"]
[Site "masterchessopen.com - Bad Zwesten (Germany)"]
[Round "2"]
[White "Epishin Vladimir (GER)"]
[Black "Reh Philipp (GER)"]
[Result "1-0"]
[WhiteElo "2583"]
[BlackElo "2154"]

1.d4 c5 2.d5 e5 3.e4 d6 4.Nc3 Ne7 5.h4 h5 6.Nh3 Bxh3 7.Rxh3 g6 8.Bg5 Bg7 9.g4
hxg4 10.Qxg4 Nd7 11.Rf3 a6 12.Bh3 Nb6 13.Ne2 Nc4 14.Ng3 Qc8 15.Rxf7 {#r} 1-0

[Event "It (open)"]
[Site "masterchessopen.com - Bethune (France)"]
[Round "1"]
[White "Kasparov Sergey (BLR)"]
[Black "Frank Albert (BEL)"]
[Result "1-0"]
[WhiteElo "2475"]
[BlackElo "2019"]

1.d4 c5 2.d5 e5 3.e4 d6 4.Nc3 a6 5.a4 b6 6.Nf3 Be7 7.Be2 Bg4 8.O-O Bxf3 9.Bxf3
Nd7 10.Bg4 Ngf6 11.Bh3 O-O 12.g3 Rb8 13.Qe2 b5 14.axb5 axb5 15.Nxb5 Nxe4
16.Na7 Ng5 17.Bxg5 Bxg5 18.Nc6 Qc7 19.Nxb8 Rxb8 20.Qg4 {#r} 1-0

[Event "It (open)"]
[Site "masterchessopen.com - Biel (Switzerland)"]
[Round "9"]
[White "Regez Markus (SUI)"]
[Black "Eschle Hubert (GER)"]
[Result "1-0"]
[WhiteElo "2124"]
[BlackElo "2035"]

1.d4 c5 2.d5 e5 3.c4 d6 4.Nc3 f5 5.e4 Nf6 6.exf5 Bxf5 7.Bd3 Qd7 8.Bxf5 Qxf5
9.Nf3 Na6 10.Nb5 Be7 11.O-O Ng4 12.Ng5 O-O 13.Ne6 Rf6 14.h3 Nh6 15.a3 Rg6
16.Qb3 Qe4 17.f3 Qe2 18.g4 Nf5 19.Nc3 Qd3 20.Qxb7 Rb8 21.Qxa6 Ng3 22.Rf2 Rxe6
23.dxe6 Rf8 24.Qb7 {#r} 1-0

[Event "It (open)"]
[Site "masterchessopen.com - Brno (Czech Republic)"]
[Round "8"]
[White "Chytilek Roman (CZE)"]
[Black "Urbanec Ladislav (CZE)"]
[Result "1-0"]
[WhiteElo "2396"]
[BlackElo "2229"]

1.d4 c5 2.d5 e5 3.e4 d6 4.Nc3 g6 5.Bb5+ Nd7 6.f4 Bg7 7.Nf3 exf4 8.Bxf4 Bxc3+
9.bxc3 Qe7 10.O-O f6 11.e5 dxe5 12.Nxe5 fxe5 13.d6 Qe6 14.Bg5 Nf6 15.Bxf6 O-O
16.Be7 Rf5 17.Rxf5 gxf5 18.Qd2 {#r} 1-0

[Event "Extra League 2000/01"]
[Site "masterchessopen.com - Czech Republic"]
[Round "10"]
[White "Bazant Petr (CZE)"]
[Black "Obsivac Josef (CZE)"]
[Result "1-0"]
[WhiteElo "2321"]
[BlackElo "2348"]

1.d4 c5 2.d5 e5 3.e4 d6 4.Bd3 g6 5.Nc3 Nd7 6.Be3 h5 7.Qd2 Bh6 8.O-O-O a6 9.f4
Ngf6 10.h3 exf4 11.Bxf4 Bxf4 12.Qxf4 Ne5 13.Nf3 Nfd7 14.Ng5 Qe7 15.Rhf1 b5
16.Rf2 Nb6 17.Rdf1 Ra7 18.Be2 Rc7 19.Qg3 Qf8 20.Rf6 Qg7 21.Bxb5+ axb5 22.Nxb5
Re7 23.Nxd6+ Kd7 24.Ndxf7 Nbc4 25.Ne6 Rxe6 26.dxe6+ Ke7 27.Qg5 {#r} 1-0

[Event "It (open)"]
[Site "masterchessopen.com - Debrecen (Hungary)"]
[Round "7"]
[White "Lengyel Ferenc (HUN)"]
[Black "Farkas Lajos (HUN)"]
[Result "1-0"]
[WhiteElo "2296"]
[BlackElo "1960"]

1.d4 c5 2.d5 e5 3.dxe6 fxe6 4.e4 Nc6 5.Nc3 a6 6.a4 Qc7 7.Nh3 Nd4 8.Be3 Nf6
9.Bc4 b6 10.O-O Bb7 11.Bd3 Be7 12.Bf4 e5 13.Bg3 c4 14.Be2 Nxe4 15.Nxe4 Bxe4
16.Qxd4 Bxg2 17.Bxe5 Qc6 18.Qg4 Bxf1 19.Bxf1 Rc8 20.Re1 Qe6 21.Qg3 Kd8 22.Bc7+
{#r} 1-0

[Event "It (open)"]
[Site "masterchessopen.com - Fajr (Iran)"]
[Round "7"]
[White "Roghani Arash (IRI)"]
[Black "Hamad Ahmad (SYR)"]
[Result "1-0"]
[WhiteElo "2276"]
[BlackElo "2290"]

1.d4 c5 2.d5 e5 3.e4 d6 4.f4 exf4 5.Bxf4 Ne7 6.Bb5+ Bd7 7.Bxd7+ Qxd7 8.Nf3 Ng6
9.Bg3 Qc7 10.O-O Be7 11.Na3 a6 12.Nc4 b5 13.Nxd6+ Bxd6 14.e5 Nxe5 15.Nxe5 O-O
16.Nxf7 Bxg3 17.Nh6+ gxh6 18.Qg4+ Qg7 {#r} 1-0

[Event "Ch France (team) (3rd division) 2000/01"]
[Site "masterchessopen.com - France"]
[Round "7"]
[White "Amoyal Pierre (FRA)"]
[Black "Baugin Alain (FRA)"]
[Result "0-1"]
[WhiteElo "2205"]
[BlackElo "2117"]

1.d4 c5 2.d5 e5 3.Nf3 d6 4.e4 a6 5.c4 g6 6.h4 f5 7.h5 Bh6 8.hxg6 hxg6 9.Bg5
Qa5+ 10.Nc3 Nd7 11.exf5 gxf5 12.Nd2 Ndf6 13.Be2 Bd7 14.Bh5+ Kf8 15.Be2 b5
16.Qc2 Rb8 17.f4 b4 18.Bxh6+ Rxh6 19.Rxh6 Nxh6 20.Nb3 Qd8 21.fxe5 Nfg4
22.O-O-O bxc3 23.exd6 Ne3 24.Qxc3 Nxd1 25.Bxd1 Qg5+ 26.Kb1 Rc8 27.Qe5 Nf7 {#R}
0-1

[Event "Oberliga NN 2001/02"]
[Site "masterchessopen.com - Germany"]
[Round "1"]
[White "Schwarz Frank (GER)"]
[Black "Seidel Knut (GER)"]
[Result "0-1"]
[WhiteElo "2246"]
[BlackElo "2223"]

1.d4 c5 2.d5 e5 3.dxe6 fxe6 4.e4 Nc6 5.Nc3 Nf6 6.Bg5 Be7 7.Nf3 O-O 8.Qd2 d5
9.exd5 exd5 10.O-O-O d4 11.Bc4+ Kh8 12.Bxf6 Bxf6 13.Ne4 Na5 14.Bd3 Be6 15.Neg5
Bg8 16.Rhe1 c4 17.Bf1 c3 18.bxc3 Qd6 19.c4 Qa3+ 20.Kb1 Nxc4 21.Bxc4 Bxc4 22.c3
dxc3 23.Qc2 Bxa2+ {#R} 0-1

[Event "It (open)"]
[Site "masterchessopen.com - Glyfada (Greece)"]
[Round "3"]
[White "Poteas Ioannis (GRE)"]
[Black "Moutousis Konstantinos (GRE)"]
[Result "0-1"]
[WhiteElo "2115"]
[BlackElo "2448"]

1.d4 c5 2.d5 e5 3.e4 d6 4.Nc3 g6 5.Bb5+ Nd7 6.a4 Bg7 7.Nge2 Ne7 8.Ng3 O-O
9.O-O f5 10.exf5 gxf5 11.Bg5 Nf6 12.Nh5 Nxh5 13.Qxh5 a6 14.Be2 Qc7 15.Bh6 Ng6
16.Ra3 Rf7 17.Bg5 Bd7 18.f4 Nxf4 19.Bxf4 exf4 20.Rxf4 Re8 21.a5 Rfe7 22.Bf1
Re1 23.Ne2 R8xe2 24.Rg3 Re7 {#R} 0-1

[Event "It (open)"]
[Site "masterchessopen.com - Guingamp (France)"]
[Round "7"]
[White "Chatalbashev Boris (BUL)"]
[Black "Serralta Michel (FRA)"]
[Result "1-0"]
[WhiteElo "2526"]
[BlackElo "2041"]

1.d4 c5 2.d5 e5 3.c4 d6 4.e4 g6 5.Bd3 Bg7 6.Ne2 Nf6 7.Nbc3 O-O 8.h3 Nbd7 9.g4
a6 10.a4 Rb8 11.Ng3 Ne8 12.Be3 Nc7 13.Qd2 Nf6 14.f3 Bd7 15.a5 b5 16.axb6 Rxb6
17.h4 Qb8 18.Nd1 Rb3 19.Bc2 Rb4 20.b3 Rc8 21.h5 a5 22.Rxa5 Na8 23.Bh6 Bh8
24.Nf5 Be8 25.Qg5 Rxb3 26.Bxb3 {#r} 1-0

[Event "Ch Mexico"]
[Site "masterchessopen.com - Irapuato (Mexico)"]
[Round "6"]
[White "Armas Jorge (CUB)"]
[Black "Martin Del Campo Jorge (MEX)"]
[Result "1-0"]
[WhiteElo "2411"]
[BlackElo "2291"]

1.d4 c5 2.d5 e5 3.e4 d6 4.Nc3 g6 5.f4 Bg7 6.Nf3 Bg4 7.h3 Bxf3 8.Qxf3 Nd7 9.f5
a6 10.h4 Ngf6 11.g4 gxf5 12.Qxf5 h6 13.Be3 Qe7 14.Be2 O-O-O 15.O-O-O Rdf8
16.Rdf1 Ne8 17.Qf2 Bf6 18.a3 Rhg8 19.b4 cxb4 20.axb4 Nc7 21.Kb2 Qd8 22.Ra1 Na8
23.Rxa6 Nc7 24.Ra7 Be7 25.Bb6 {#r} 1-0

[Event "It (open)"]
[Site "masterchessopen.com - Latschach (Austria)"]
[Round "6"]
[White "Soln Primoz (SLO)"]
[Black "Kock Hans-Uwe (LIE)"]
[Result "1-0"]
[WhiteElo "2415"]
[BlackElo "2161"]

1.d4 c5 2.d5 e5 3.e4 d6 4.Nc3 Ne7 5.h4 a6 6.a4 b6 7.Be2 f5 8.Nf3 h6 9.Nd2 f4
10.Nc4 g6 11.Bg4 h5 12.Be6 Qc7 13.g3 fxg3 14.fxg3 Nd7 15.Qf3 Rh7 16.O-O Bb7
17.a5 bxa5 18.Bg5 O-O-O 19.Qxf8 Rxf8 20.Rxf8+ Qd8 21.Nxd6+ Kc7 22.Rxd8 Kxd8
23.Nxb7+ {#r} 1-0

[Event "It (open)"]
[Site "masterchessopen.com - Latschach (Austria)"]
[Round "4"]
[White "Tomitz Hermann (AUT)"]
[Black "Kock Hans-Uwe (LIE)"]
[Result "0-1"]
[WhiteElo "2111"]
[BlackElo "2161"]

1.d4 c5 2.d5 e5 3.e4 d6 4.c4 Ne7 5.f4 exf4 6.Bxf4 Ng6 7.Bg3 Be7 8.Nf3 O-O
9.Nbd2 Bf6 10.Qc2 Qe7 11.Bd3 Nd7 12.O-O Nde5 13.Nxe5 Nxe5 14.Bxe5 Bxe5 15.Nf3
Bd7 16.Nxe5 Qxe5 17.b3 Rae8 18.Kh1 Re7 19.Qf2 f6 20.Rac1 Be8 21.h3 Bg6 22.b4
b6 23.b5 Rfe8 24.Rfe1 f5 25.Re3 fxe4 26.Rce1 Qf6 27.Qe2 exd3 {#R} 0-1

[Event "Ch Chess Club"]
[Site "masterchessopen.com - Nassau (USA)"]
[Round "2"]
[White "Novikov Igor A (USA)"]
[Black "Kreitner Ilan (USA)"]
[Result "1-0"]
[WhiteElo "2588"]
[BlackElo "2063"]

1.d4 c5 2.d5 e5 3.c4 d6 4.e4 g6 5.Nc3 Bg7 6.h3 Ne7 7.Nf3 O-O 8.g4 a6 9.Rg1 Bd7
10.Be3 h6 11.g5 h5 12.Nd2 Qc8 13.Qf3 Kh8 14.Qg3 Qe8 15.f4 exf4 16.Bxf4 Nf5
17.Qh2 Bd4 18.O-O-O Bxg1 19.Qxg1 b5 20.exf5 b4 21.Nce4 Bxf5 22.Nxd6 Qa4
23.Nxf5 gxf5 24.g6 {#r} 1-0

[Event "It (open)"]
[Site "masterchessopen.com - Palanka (Yugoslavia)"]
[Round "2"]
[White "Kokeza Mirko (SRB)"]
[Black "Kosanovic Goran A (SRB)"]
[Result "0-1"]
[WhiteElo "2266"]
[BlackElo "2442"]

1.d4 c5 2.d5 e5 3.c4 d6 4.Nc3 Be7 5.g3 Bg5 6.Qa4+ Kf8 7.Bxg5 Qxg5 8.Nf3 Qe7
9.h4 g6 10.Bh3 Bxh3 11.Rxh3 Nf6 12.e4 h5 13.Ng5 Nbd7 14.a3 Kg7 15.Qc2 Nh7
16.f4 Nxg5 17.hxg5 f6 18.gxf6+ Qxf6 19.f5 Qg5 20.Nd1 Raf8 21.Qd2 Qxd2+ 22.Kxd2
gxf5 23.exf5 Rxf5 24.Ne3 Rf2+ 25.Kc3 Nf6 26.Rh4 Rf8 27.Re1 Kg6 {#R} 0-1

[Event "It"]
[Site "masterchessopen.com - Santo-Domingo (Dominicana)"]
[Round "1"]
[White "Montalvo Alejandro (PUR)"]
[Black "Dominguez Jose M (DOM)"]
[Result "0-1"]
[WhiteElo "2259"]
[BlackElo "2310"]

1.d4 c5 2.d5 e5 3.e4 d6 4.Nc3 g6 5.Nf3 Bg7 6.Bb5+ Nd7 7.a4 Ne7 8.O-O O-O 9.Nd2
f5 10.exf5 gxf5 11.f3 Nf6 12.Be2 Ng6 13.Nc4 Nf4 14.Re1 N6h5 15.Bf1 Rf6 16.Ne2
Rg6 17.Nxf4 exf4 18.c3 Bd7 19.Bd2 Qh4 20.Bd3 Kh8 21.Re2 Ng3 22.hxg3 fxg3
23.Be3 Bh6 24.Re1 Re8 25.f4 Rg4 26.Bxf5 Qh2+ 27.Kf1 Rxf4+ {#R} 0-1

[Event "It (open)"]
[Site "masterchessopen.com - Sautron (France)"]
[Round "2"]
[White "Gerard Nicolas (FRA)"]
[Black "Auder Benjamin (FRA)"]
[Result "1-0"]
[WhiteElo "2289"]
[BlackElo "1968"]

1.d4 c5 2.d5 e5 3.Nc3 d6 4.e4 g6 5.f4 Bg7 6.Nf3 Nd7 7.Bb5 a6 8.Bxd7+ Bxd7
9.fxe5 dxe5 10.d6 Qb6 11.O-O Rd8 12.Nd5 Qxd6 13.Bg5 Bb5 14.Bxd8 Qxd8 15.Re1
Ne7 16.a4 Bc6 17.Qd2 Nxd5 18.exd5 Qxd5 19.Qxd5 Bxd5 20.Nxe5 O-O 21.c3 Re8
22.Nd7 Rc8 23.Nb6 {#r} 1-0

[Event "Ch Russia (juniors) (under 14)"]
[Site "masterchessopen.com - Smolensk (Russia)"]
[Round "0"]
[White "Kavalenia Leonid (RUS)"]
[Black "Filimonov Alexey (RUS)"]
[Result "1-0"]
[WhiteElo "2196"]
[BlackElo "2176"]

1.d4 c5 2.d5 e5 3.c4 d6 4.Nc3 f5 5.e4 Nf6 6.exf5 Bxf5 7.Nge2 Be7 8.Ng3 Bd7
9.Bd3 O-O 10.O-O Na6 11.a3 Rb8 12.Qc2 Nc7 13.b3 b5 14.Nce4 Nce8 15.Ng5 g6
16.Bxg6 hxg6 17.Qxg6+ Ng7 18.Nh5 {#r} 1-0

[Event "It (open) \"]
[Site "masterchessopen.com - St. Petersburg (Russia)"]
[Round "1"]
[White "Polovodin Igor A (RUS)"]
[Black "Lovkov Roman (RUS)"]
[Result "1-0"]
[WhiteElo "2453"]
[BlackElo "2151"]

1.d4 c5 2.d5 e5 3.e4 d6 4.Nc3 Be7 5.f4 exf4 6.Bxf4 a6 7.Nf3 Bf6 8.e5 dxe5
9.Nxe5 Ne7 10.Qd2 O-O 11.O-O-O Nf5 12.g4 Nd4 13.Bg2 Re8 14.Rde1 Bh4 15.Ref1
Bf6 16.Nxf7 Qb6 17.Nd6 Ne2+ 18.Nxe2 Qxb2+ 19.Kd1 {#r} 1-0

[Event "Memorial P.Keres (open)"]
[Site "masterchessopen.com - Tallinn (Estonia)"]
[Round "8"]
[White "Pitkanen Juhani (FIN)"]
[Black "Lelumees Brait (EST)"]
[Result "0-1"]
[WhiteElo "1724"]
[BlackElo "2104"]

1.d4 c5 2.d5 e5 3.c4 f5 4.g3 d6 5.Nc3 Nf6 6.Bg5 Be7 7.Bg2 a6 8.a4 Nxd5 9.Qxd5
Bxg5 10.Rd1 Be7 11.f4 exf4 12.gxf4 Nc6 13.Nf3 Nb4 14.Qd2 Be6 15.b3 Qc7 16.Ng5
Bxg5 17.fxg5 O-O-O 18.O-O Kb8 19.Qf4 h6 20.g6 Rhf8 21.Nd5 Bxd5 22.Bxd5 Rf6
23.Qg3 Qe7 24.e4 Nxd5 25.Rxd5 Qxe4 26.Rf4 Qe6 {#R} 0-1

[Event "Ch Russia (club)"]
[Site "masterchessopen.com - Tomsk (Russia)"]
[Round "4"]
[White "Rustemov Alexander (RUS)"]
[Black "Bachin Vitaly (RUS)"]
[Result "1-0"]
[WhiteElo "2611"]
[BlackElo "2442"]

1.d4 c5 2.d5 e5 3.c4 d6 4.Nc3 Be7 5.Nf3 f5 6.e4 f4 7.g3 g5 8.gxf4 exf4 9.e5 g4
10.e6 gxf3 11.Qxf3 Qb6 12.Bd2 Nf6 13.O-O-O Na6 14.Rg1 Nc7 15.Bxf4 Kd8 16.Rg7
Nce8 17.Rf7 h6 18.Bg3 Ng8 19.Bd3 a6 20.Bh7 Ngf6 21.Bc2 Qa5 22.Bh4 Ng8 23.Rxe7
Nxe7 24.Qf7 Kc7 25.Qxe7+ Kb8 26.Bg6 {#r} 1-0

[Event "Ch Tula Region (open)"]
[Site "masterchessopen.com - Tula (Russia)"]
[Round "9"]
[White "Khanov Vjacheslav (RUS)"]
[Black "Shchennikov Alexander (RUS)"]
[Result "0-1"]
[WhiteElo "2262"]
[BlackElo "2214"]

1.d4 c5 2.d5 e5 3.c4 d6 4.e4 a6 5.Nc3 g6 6.Be2 h5 7.f4 exf4 8.Bxf4 Bh6 9.Qd2
Qf6 10.g3 h4 11.Bxh6 Nxh6 12.O-O-O Bg4 13.Rf1 Qe7 14.Bxg4 Nxg4 15.Nf3 Ne5
16.Nxe5 Qxe5 17.Qf4 Qe7 18.g4 Nd7 19.h3 Ne5 20.b3 Nd3+ {#R} 0-1

[Event "It (cat.9)"]
[Site "masterchessopen.com - Tula (Russia)"]
[Round "4"]
[White "Pushkov Nikolai (RUS)"]
[Black "Igriashvili Zurab (GEO)"]
[Result "1-0"]
[WhiteElo "2541"]
[BlackElo "2379"]

1.d4 c5 2.d5 e5 3.e4 d6 4.Nc3 a6 5.a4 g6 6.Be2 Bg7 7.h4 h5 8.Nf3 Bh6 9.Ng5 Nf6
10.a5 Nbd7 11.Be3 Ng4 12.Bd2 Qe7 13.f3 Ngf6 14.Be3 Ng8 15.Qd2 Nf8 16.Na4 Nd7
17.Ra3 Ngf6 18.b4 cxb4 19.Qxb4 O-O 20.Qd2 Ne8 21.Rc3 Bg7 22.O-O Bf6 23.Rb1
Bxg5 24.hxg5 f5 25.gxf6 Qxf6 26.Bg5 Qf7 27.Qe1 Ndf6 28.Nb6 {#r} 1-0

[Event "Ch Poland (juniors) (under 16) (g)"]
[Site "masterchessopen.com - Zakopane (Poland)"]
[Round "7"]
[White "Florkiewicz Magdalena (POL)"]
[Black "Kupczyk Edyta (POL)"]
[Result "0-1"]
[WhiteElo "1937"]
[BlackElo "2089"]

1.d4 c5 2.d5 e5 3.c4 d6 4.Nc3 Be7 5.e4 Bg5 6.Bd3 Bxc1 7.Qxc1 Nf6 8.f4 Nh5
9.fxe5 Qh4+ 10.Kf1 Ng3+ 11.hxg3 Qxh1 12.Nb5 O-O 13.exd6 Nd7 14.Qe3 Ne5 15.Nc7
f5 16.Be2 fxe4+ 17.Ke1 Bg4 18.Ne6 Bxe2 19.Qg5 Qxg1+ 20.Kd2 Nxc4+ 21.Kc3 Qe3+
22.Qxe3 Nxe3 23.Nxf8 Rxf8 24.Kd2 Nxd5 25.Kxe2 Rd8 {#R} 0-1

[Event "Ch Georgia (juniors) (under 18) (g)"]
[Site "masterchessopen.com - Tbilisi (Georgia)"]
[Round "0"]
[White "Purtseladze Maka (GEO)"]
[Black "Vakhania Alexandra (GEO)"]
[Result "1-0"]
[WhiteElo "2195"]
[BlackElo "2206"]

1.d4 c5 2.d5 e5 3.e4 Nf6 4.f3 d6 5.Be3 Be7 6.Bd3 O-O 7.Ne2 Nbd7 8.Nd2 Ne8 9.a4
b6 10.g4 g6 11.Ng3 Ng7 12.a5 Rb8 13.axb6 axb6 14.Qe2 Bb7 15.Bb5 Nf6 16.Ra7 h5
17.gxh5 Nfxh5 18.Nxh5 Nxh5 19.Qg2 Qc7 20.Bc6 Qc8 21.Qg4 Bxc6 22.Rxe7 Qa6
23.Rg1 Bb5 24.Kf2 Nf6 25.Qh4 Nh7 26.Rxg6+ {#r} 1-0

[Event "Landesliga (2nd) East 2000/01"]
[Site "masterchessopen.com - Mecklenburg-Vorpommern (Germany)"]
[Date "2001.04.01"]
[Round "8"]
[White "Belz Christian"]
[Black "Ebert Lutz"]
[Result "1-0"]
[WhiteElo "1822"]
[BlackElo "1801"]

1.d4 c5 2.d5 e5 3.e4 d6 4.c4 Ne7 5.Bd3 Ng6 6.g3 Be7 7.Nc3 O-O 8.h4 f5 9.h5 Nh8
10.Qc2 Bg5 11.exf5 Qf6 12.g4 Na6 13.Ne4 Qd8 14.Bxg5 Qa5+ 15.Qc3 Nb4 16.Bb1
Bxf5 17.gxf5 Rxf5 18.Be7 Nf7 19.Nxd6 Nxd6 20.Bxd6 Rf4 21.Kf1 Qa4 22.b3 Qa5
23.Bxe5 Raf8 24.Bxf4 Rxf4 25.Ne2 Rf7 26.a3 {#r} 1-0

[Event "It (open)"]
[Site "masterchessopen.com - Heves (Hungary)"]
[Date "2001.04.16"]
[Round "8"]
[White "Hetenyi Geza (HUN)"]
[Black "Paal Attila (HUN)"]
[Result "0-1"]
[WhiteElo "2207"]
[BlackElo "2180"]

1.d4 c5 2.d5 e5 3.Nc3 d6 4.e4 Be7 5.Bb5+ Nd7 6.a4 a6 7.Bxd7+ Bxd7 8.a5 Bg5
9.Nge2 Bxc1 10.Nxc1 Ne7 11.O-O O-O 12.Qe2 Ng6 13.Qe3 f5 14.Nd3 f4 15.Qd2 f3
16.gxf3 Nh4 17.Ne1 Bh3 18.Qe3 Rf4 {#R} 0-1

[Event "It (open)"]
[Site "masterchessopen.com - Vitoria (Brazil)"]
[Date "2001.06.15"]
[Round "2"]
[White "Pinheiro Iung (BRA)"]
[Black "Vieira Paulo Cesar (BRA)"]
[Result "1-0"]
[WhiteElo "2151"]
[BlackElo "2068"]

1.d4 c5 2.d5 e5 3.e4 d6 4.Nc3 g6 5.g3 Bg7 6.Bg2 Ne7 7.Nge2 f5 8.O-O O-O 9.f4
a6 10.a4 Nd7 11.Be3 Rb8 12.Qd3 exf4 13.Nxf4 Ne5 14.Qe2 fxe4 15.Ne6 Bxe6
16.dxe6 Nf5 17.Bxe4 Nxe3 18.Qxe3 Nf3+ 19.Kg2 Bd4 20.Qh6 Bg7 21.Qe3 Nd4 22.Bd5
Qe7 23.Rf7 {#r} 1-0

[Event "Cup Alfoeld (open)"]
[Site "masterchessopen.com - Hajduszoboszlo (Hungary)"]
[Date "2001.06.23"]
[Round "8"]
[White "Rat Dan Ovidiu (ROM)"]
[Black "Repasi Zoltan (HUN)"]
[Result "0-1"]
[WhiteElo "2318"]
[BlackElo "2069"]

1.d4 c5 2.d5 e5 3.c4 d6 4.Nc3 Be7 5.Nf3 Bg4 6.Nd2 f5 7.Qc2 Nh6 8.g3 O-O 9.Bg2
Nd7 10.O-O a6 11.a4 Bg5 12.f4 exf4 13.gxf4 Bf6 14.e3 Qe8 15.Nb3 Qh5 16.Na5
Rab8 17.Ra3 Bd8 18.Nb3 Rf6 19.Kh1 Nf7 20.Qf2 Rh6 21.Qg3 Bh4 {#R} 0-1

[Event "It (open)"]
[Site "masterchessopen.com - Monmouth (Wales)"]
[Date "2001.07.22"]
[Round "5"]
[White "Rees Ioan (WLS)"]
[Black "Morris Gareth (WLS)"]
[Result "0-1"]
[WhiteElo "2284"]
[BlackElo "2175"]

1.d4 c5 2.d5 e5 3.c4 d6 4.e4 Be7 5.Nc3 a6 6.Be3 Bg5 7.Qd2 h6 8.Bd3 Bxe3 9.Qxe3
Qg5 10.Qg3 Ne7 11.Nge2 Ng6 12.O-O Nd7 13.Qxg5 hxg5 14.f3 Nf4 15.Nxf4 exf4
16.h3 Ne5 17.Rfd1 Bd7 18.a4 Ke7 19.Be2 Rh6 20.Kf2 Rah8 21.Rg1 g6 22.Ke1 f5
23.Kd2 g4 24.hxg4 fxg4 25.Raf1 Rh2 26.Kc1 gxf3 27.Bxf3 Nxc4 {#R} 0-1

[Event "It (open)"]
[Site "masterchessopen.com - Fuzesabony (Hungary)"]
[Date "2001.09.09"]
[Round "6"]
[White "Dobai Szabolcs (HUN)"]
[Black "Kovacs Tamas (HUN)"]
[Result "0-1"]
[WhiteElo "2098"]
[BlackElo "2180"]

1.d4 c5 2.d5 e5 3.c4 d6 4.Nc3 Be7 5.Nf3 f5 6.e4 f4 7.Be2 a6 8.O-O g5 9.Ne1 Nf6
10.g4 Nbd7 11.Nd3 Kf7 12.Kg2 Qg8 13.f3 h5 14.h3 Nf8 15.Bd2 Ng6 16.Rh1 Bd7
17.b4 cxb4 18.Nxb4 Rc8 19.a4 Qd8 20.a5 Rc5 21.Nd3 Rxc4 22.Nxf4 Nxf4+ 23.Bxf4
Rxc3 {#R} 0-1

[Event "It (open)"]
[Site "masterchessopen.com - Fuzesabony (Hungary)"]
[Date "2001.09.09"]
[Round "7"]
[White "Suto Gabor (HUN)"]
[Black "Paal Attila (HUN)"]
[Result "1-0"]
[WhiteElo "2246"]
[BlackElo "2180"]

1.d4 c5 2.d5 e5 3.e4 d6 4.Bd3 Be7 5.Nf3 a6 6.a4 Nf6 7.Na3 Nbd7 8.Nc4 Nb6
9.Nfd2 Bd7 10.Nxb6 Qxb6 11.Nc4 Qd8 12.Bg5 b5 13.Bxf6 gxf6 14.Ne3 c4 15.Be2 O-O
16.Bg4 Kh8 17.Bf5 Rg8 18.Qh5 Bxf5 19.Nxf5 Rg6 20.Ra3 Bf8 21.O-O Qe8 22.axb5
axb5 23.Rfa1 Rxa3 24.Rxa3 Qb8 25.Rh3 h6 26.Nh4 Rg7 27.Qxh6+ Kg8 28.Qh8+ {#r}
1-0

[Event "It (open)"]
[Site "masterchessopen.com - Jesolo (Italy)"]
[Date "2001.12.27"]
[Round "1"]
[White "Georgiev Vladimir (MKD)"]
[Black "Cacco Christian (ITA)"]
[Result "1-0"]
[WhiteElo "2564"]
[BlackElo "2254"]

1.d4 c5 2.d5 e5 3.e4 d6 4.Nc3 Be7 5.Nf3 a6 6.a4 b6 7.Be2 Nf6 8.Nd2 O-O 9.Nc4
Bb7 10.f4 b5 11.fxe5 bxc4 12.exf6 Bxf6 13.O-O Nd7 14.Bxc4 Bc8 15.a5 Qe7 16.Kh1
Qe5 17.Bf4 {#r} 1-0

[Event "Ch Asian Cities (team)"]
[Site "masterchessopen.com - Aden (Yemen)"]
[Round "7"]
[White "Al-Khaja Arif (UAE)"]
[Black "Al Hadarani Hatim (YEM)"]
[Result "0-1"]
[WhiteElo "2102"]
[BlackElo "2308"]

1.d4 c5 2.d5 e5 3.e4 d6 4.Be3 g6 5.c4 Nf6 6.f3 Nh5 7.g4 Nf4 8.h4 Be7 9.Bf2 b5
10.Ne2 Nd7 11.cxb5 a6 12.Qd2 O-O 13.Nbc3 axb5 14.Nxf4 exf4 15.Bxb5 Ne5 16.Qxf4
c4 17.Kf1 f5 18.gxf5 Bxf5 19.exf5 Rxf5 20.Qe4 Nxf3 21.Kg2 Bf6 22.Bg3 Kh8
23.Bxc4 Qb6 24.Rab1 Rf8 25.Nb5 Be5 26.Bxe5+ Nxe5 27.Rbe1 Qf2+ {#R} 0-1

[Event "It (w) \"]
[Site "masterchessopen.com - Batumi (Georgia)"]
[Round "9"]
[White "Batsiashvili Nino (GEO)"]
[Black "Mamedjarova Turkan (AZE)"]
[Result "1-0"]
[WhiteElo "2251"]
[BlackElo "2218"]

1.d4 c5 2.d5 e5 3.e4 d6 4.Nc3 g6 5.Bb5+ Bd7 6.f4 Bg7 7.Bxd7+ Nxd7 8.Nf3 Ne7
9.O-O O-O 10.Kh1 h6 11.fxe5 Nxe5 12.Nxe5 dxe5 13.Be3 Qd6 14.Qd2 g5 15.Nb5 Qb6
16.d6 Qxb5 17.dxe7 Rfe8 18.Qd6 b6 19.Qd5 Qxb2 20.Rad1 Rac8 21.Rxf7 Kh8 22.Rdf1
Qc3 23.Qe6 Rg8 24.Rxg7 {#r} 1-0

[Event "It (open)"]
[Site "masterchessopen.com - Bergamo (Italy)"]
[Round "4"]
[White "Inkiov Ventzislav (BUL)"]
[Black "Cacco Christian (ITA)"]
[Result "1-0"]
[WhiteElo "2465"]
[BlackElo "2298"]

1.d4 c5 2.d5 e5 3.e4 d6 4.Be2 Be7 5.Nf3 a6 6.a4 b6 7.Nc3 Nf6 8.O-O O-O 9.Nd2
Nbd7 10.Nc4 Bb7 11.f4 b5 12.axb5 axb5 13.Rxa8 Bxa8 14.Nxb5 Nxe4 15.Bf3 Qb8
16.Bxe4 Qxb5 17.Qd3 Nf6 18.fxe5 dxe5 19.Rxf6 Bxf6 20.Bxh7+ Kh8 21.Qh3 {#r} 1-0

[Event "Olympiad"]
[Site "masterchessopen.com - Bled (Slovenia)"]
[Round "3"]
[White "Pitterson Jomo (JAM)"]
[Black "Dominguez Jose M (DOM)"]
[Result "0-1"]
[WhiteElo "2218"]
[BlackElo "2299"]

1.d4 c5 2.d5 e5 3.c4 f5 4.e4 d6 5.Nc3 Nf6 6.Qc2 g6 7.Bd3 f4 8.g3 Bh6 9.Nge2
O-O 10.Bd2 Ng4 11.h3 Ne3 12.fxe3 fxe3 13.Bc1 Qf6 14.Ng1 Qg5 15.Nce2 Rf2
16.Bxe3 Qxe3 17.Qc1 Qxd3 18.Qxh6 Rf7 19.Rc1 Na6 20.a3 Bd7 21.Rc3 Qxe4 22.Rh2
Raf8 23.Kd2 Qb1 24.b3 Rf1 25.g4 Qd1+ 26.Ke3 Rxg1 27.Rd3 Qe1 {#R} 0-1